000 01083nam a2200337Ia 4500
003 GCL
008 140319s9999 xx 000 0 ara d
020 _a4109442977
040 _aGCL /
_cGCL
082 0 4 _a709.01
_bث ف
100 1 _aثروت عكاشة
245 1 0 _aالفن الفارسى القديم /
_cثروت عكاشة
250 _aالاولى
260 _aالقاهرة :
_bدار المستقبل العربى ،
_c1989
300 _a383 ص ؛
_c27 سم
490 _aتاريخ الفن : العين تسمع والاذن ترى
_v0
650 0 4 _aنقد
650 0 4 _aالاثار
650 0 4 _aالفن
650 0 4 _aالاساطير القديمة
650 0 4 _aالعمارة المصرية القديمة
650 0 4 _aالفنون
650 0 4 _aالفن القديم
650 0 4 _aالتماثيل
650 0 4 _aالحفريات الاثرية
650 0 4 _aتاريخ الفن القديم
650 0 4 _aالفن الفارسى
650 0 4 _aالمدن المندثرة
650 0 4 _aالفن الاسلامى
942 _2ddc
_cBK
999 _c58478
_d58478